Subhashitagalu. (Record no. 212539)

MARC details
000 -LEADER
fixed length control field 00569nam a2200205Ia 4500
003 - CONTROL NUMBER IDENTIFIER
control field OSt
005 - DATE AND TIME OF LATEST TRANSACTION
control field 20251106160138.0
008 - FIXED-LENGTH DATA ELEMENTS--GENERAL INFORMATION
fixed length control field 210719s1988 xx 000 0 und d
040 ## - CATALOGING SOURCE
Transcribing agency AL
041 ## - LANGUAGE CODE
Language code of text/sound track or separate title Kannada
082 ## - DEWEY DECIMAL CLASSIFICATION NUMBER
Classification number S891.1 GANS
100 ## - MAIN ENTRY--PERSONAL NAME
Personal name GANGADHARA BHATTA (D)
Dates associated with a name ಗಂಗಾಧರ ಭಟ್ಟ (ಡಿ )
9 (RLIN) 244445
245 ## - TITLE STATEMENT
Title Subhashitagalu.
Remainder of title ಸುಭಾಷಿತಗಳು
260 ## - PUBLICATION, DISTRIBUTION, ETC.
Place of publication, distribution, etc. Putturu.
Name of publisher, distributor, etc. Shankara Vanam.,
Date of publication, distribution, etc. 1988
300 ## - PHYSICAL DESCRIPTION
Extent 12
Other physical details PB
365 ## - TRADE PRICE
Price amount 5
Currency code Rs
650 ## - SUBJECT ADDED ENTRY--TOPICAL TERM
Topical term or geographic name entry element Sanskrit Poetry
9 (RLIN) 244446
906 ## - LOCAL DATA ELEMENT F, LDF (RLIN)
a Subhashitagalu
942 ## - ADDED ENTRY ELEMENTS (KOHA)
Source of classification or shelving scheme Dewey Decimal Classification
Koha item type Book
Holdings
Withdrawn status Lost status Source of classification or shelving scheme Damaged status Not for loan Collection code Home library Current library Date acquired Cost, normal purchase price Total Checkouts Full call number Barcode Date last seen Price effective from Koha item type
    Dewey Decimal Classification     Sanskrit St Aloysius Library St Aloysius Library 04/12/1996 5.00   S891.1 GANS D00637 07/19/2021 07/19/2021 Donated Books